| 000 | 00488nam a22001697a 4500 | ||
|---|---|---|---|
| 020 | _a978-969-562-743-3 | ||
| 082 |
_a491.439 _bJEN |
||
| 100 | _aGyan Chand Jain | ||
| 245 | _aLisani Rishtay/ | ||
| 260 |
_aLahore: _bFiction House, _c2019. |
||
| 300 |
_a264 p. _c22cm, |
||
| 563 | _aHB. | ||
| 880 |
_6100-01\(3\r _aگیان چند جین |
||
| 880 |
_6245-02\(03\r _a/لسانی رشتے |
||
| 880 |
_6260-03\(03\r _a:لاہور _bفکشن ہاؤس _c2019. |
||
| 942 |
_2ddc _cBK |
||
| 999 |
_c614291 _d614291 |
||